Nuevas cartas américanas

Uloženo v:
Podrobná bibliografie
Hlavní autor: Valera, Juan (Autor)
Médium: Kniha
Jazyk:španělština
Vydáno: Madrid Librería de Fernando Fé 1890
Témata:
Tagy: Přidat tag
Žádné tagy, Buďte první, kdo vytvoří štítek k tomuto záznamu!

MARC

LEADER 00000nam a2200000 a 4500
001 UCZ1731
003 CL-VaPUC
008 950831e18900000SP |||||||||||||||||spa|d
082 0 4 |a 866  |b VAL  |2 21 
100 0 |a Valera, Juan  |e author  |9 345366 
245 1 0 |a Nuevas cartas américanas 
300 |a 295 p 
942 |c BK 
945 |d 19950831 00:00:00  |a rbrito 
260 |a Madrid  |b Librería de Fernando Fé  |c 1890 
600 0 7 |a VALERA, JUAN  |2 CL-VaPUC  |9 345367 
650 0 |a Literatura española  |9 306261 
650 0 |a Correspondencia  |9 258963 
583 |a last modification  |c 19950831 00:00:00  |k Rodrigo Vera 
999 |c 238437  |d 238435 
952 |0 0  |1 0  |4 0  |6 866_000000000000000_VAL_1890  |7 0  |8 A  |9 248612  |a BIBEDU  |b BIBEDU  |d 2019-11-18  |i 3106217  |o 866 VAL 1890  |p 3106217  |r 2019-11-18  |w 2019-11-18  |y BK  |k LIT